Rakouská (vídeňská) subjektivně psychologická škola

Na uskutočnení marginálnej revolúcie sa podieľala aj rakúska (viedenská) subjektívno-psychologická škola v Rakúsku. Vznik rakúskej školy. Výklad teórie hodnoty výrobných prostriedkov, teórie imputácie. Böhm-Bawerkova teória úroku. Neorakúska škola. Hayekovská ekonómia. Praxeologická ekonómia L. von...

Ausführliche Beschreibung

Gespeichert in:
Bibliographische Detailangaben
1. Verfasser: Ševčík, Miroslav
Format: Buchkapitel
Sprache:Tschechisch
Schlagworte:
Tags: Tag hinzufügen
Keine Tags, Fügen Sie das erste Tag hinzu!

MARC

LEADER 00000naa a2200000 4500
001 r023701
005 20221205090736.0
041 0 |a cze 
044 |a CZ 
245 1 0 |a Rakouská (vídeňská) subjektivně psychologická škola  |c Miroslav Ševčík 
520 |a Na uskutočnení marginálnej revolúcie sa podieľala aj rakúska (viedenská) subjektívno-psychologická škola v Rakúsku. Vznik rakúskej školy. Výklad teórie hodnoty výrobných prostriedkov, teórie imputácie. Böhm-Bawerkova teória úroku. Neorakúska škola. Hayekovská ekonómia. Praxeologická ekonómia L. von Misesa. 
610 2 0 |a marginalizmus 
610 2 0 |a psychológia 
610 2 0 |a mikroekonomika 
610 2 0 |a Rakúsko 
610 2 0 |a HAYEK, F.A. 
610 2 0 |a MISES, L. 
100 1 |a Ševčík, Miroslav